ბათუმის შოთა რუსთაველის სახელმწიფო უნივერსიტეტის ბიბლიოთეკა

Изучение художественной культуры в курсах новой и новейшей истории : (ბიბ.ჩანაწერი № 60819)

000 -LEADER
fixed length control field 00780nam a22001577a 4500
005 - DATE AND TIME OF LATEST TRANSACTION
control field 20231025113056.0
008 - FIXED-LENGTH DATA ELEMENTS--GENERAL INFORMATION
fixed length control field 231025s1978 ru ||||| |||| 00| 0 rus d
041 ## - LANGUAGE CODE
Language code of text/sound track or separate title rus
080 ## - UNIVERSAL DECIMAL CLASSIFICATION NUMBER
Universal Decimal Classification number 75(470) П -71
100 ## - MAIN ENTRY--PERSONAL NAME
Personal name Предтеченская, Л. М.
9 (RLIN) 20241
245 ## - TITLE STATEMENT
Title Изучение художественной культуры в курсах новой и новейшей истории :
Remainder of title из опыта работы /
Statement of responsibility, etc. Л. М. Предтеченская.
264 ## - PRODUCTION, PUBLICATION, DISTRIBUTION, MANUFACTURE, AND COPYRIGHT NOTICE
Place of production, publication, distribution, manufacture Москва :
Name of producer, publisher, distributor, manufacturer Просвещение,
Date of production, publication, distribution, manufacture, or copyright notice 1978.
300 ## - PHYSICAL DESCRIPTION
Extent 180 стр.:
Other physical details ил. ;
Dimensions 22 см.
653 ## - INDEX TERM--UNCONTROLLED
keyword მხატვრული კულტურის შესწავლა თანამედროვე ისტორიის კურსებზე
942 ## - ADDED ENTRY ELEMENTS (KOHA)
Source of classification or shelving scheme
Koha item type წიგნი
ეგზემპლარები
Withdrawn status Lost status Source of classification or shelving scheme Damaged status Not for loan Permanent Location Current Location Shelving location Date acquired Cost, normal purchase price Full call number Barcode Date last seen Copy number Price effective from Koha item type Public note
          ბათუმის შოთა რუსთაველის სახელმწიფო უნივერსიტეტის მთავარი ბიბლიოთეკა ბათუმის შოთა რუსთაველის სახელმწიფო უნივერსიტეტის მთავარი ბიბლიოთეკა წიგნსაცავი 2023-10-25 5.00 75(470) П -71 65378 2023-10-25 65378 2023-10-25 წიგნი 5 ლ.